000 00704nam a22002177a 4500
005 20240530110554.0
008 160802s2013 ua f 000 e ara d
017 _a2013/10453
_bمصر . دار الكتب المصرية
020 _a9789770932414
040 _aEG-CaGPL
082 0 4 _221
_a814\
_bى ف
100 0 _aيوسف زيدان
245 1 0 _aفقه الثورة /
_cيوسف زيدان
250 _aط. 1
260 _aالقاهرة :
_bدار الشروق ،
_c2013 .
300 _a330 ص. ؛
_c24 سم .
650 0 4 _aالادب العربى
650 0 4 _aالمقالات العربية
651 0 4 _aمصر
_xتاريخ
_yثورة 25 يناير 2011
_xمقالات
942 _2ddc
_cBK
999 _c62518
_d62518